000 00724nam a22002177a 4500
005 20171120111107.0
010 _aENG-121497-498
020 _a9788131252628 (vol-1)
_c5195.00 (set of 2 vol)
020 _a9788131252628 (vol-2)
_c5195.00 (set of 2 vol)
035 _aEN-105029-030
037 _bDBAD/PUB
082 _a342.54
100 _aJain, M.P.
245 _aIndian constitutional law /
_cby M.P. Jain
250 _a7th ed
260 _aGurgaon
_bLexis Nexis
_c2018
270 _a14th Floor, Bldg No.10, Tower-B, DLF Cyber City, Phase-II
_bGurgaon
_e122002
300 _a2-vol-(ccIx1-1782[33] ; cclx,1783-3406 [33]p.)
_c25cm(Hb)
500 _aIncludes index
942 _2ddc
_cEN
_mJAI
_h342.54
999 _c147565
_d147565